000 00696nam a2200157 a 4500
008 081208s1954 ||||||||||||||||| || u
050 _aGOV.ZAM(02)1954/2
100 _aTroup, L. G
245 1 0 _aReport of a Commission of Inquiry into the future of the European farming industry of Northern Rhodesia
_cUnder the Chairmanship of L. G. Troup
260 _aLusaka
_bGovernment Printer
_c1954
300 _a80p:ill.
350 _a0.00
650 _aFARMS--FOREIGN OWNERSHIP--ZAMBIA
710 _aGovernment of the Republic of Zambia (GRZ)
995 _D0.00
_FCBU-MAIN LIBRARY (Kitwe)
_H1
_I0.00
_M1
_UAVAILABLE
_WDec 8, 2008
_ZZambiana Collection
999 _c56077
_d56077